| 000 | 00729cam a22002653a 4500 | ||
|---|---|---|---|
| 001 | 11737 | ||
| 003 | PGUSA | ||
| 005 | 20140828083240.0 | ||
| 008 | 040301s2004||||xxu|||||s|||||000 1 eng d | ||
| 040 |
_aPGUSA _beng |
||
| 042 | _adc | ||
| 050 | 4 | _aPQ | |
| 100 | 1 |
_aColette, _d1873-1954 |
|
| 245 | 1 | 0 |
_aBarks and Purrs _h[electronic resource] / _cColette |
| 260 |
_bProject Gutenberg, _c2004 |
||
| 506 | _aPublic domain in the USA. | ||
| 516 | _aElectronic text | ||
| 653 | _aCats -- Fiction | ||
| 653 | _aDogs -- Fiction | ||
| 700 | 1 |
_aKelly, Maire Monica, _d1876- |
|
| 740 | 0 | _aSept dialogues de bĂȘtes. English | |
| 830 | 0 |
_aProject Gutenberg _v11737 |
|
| 856 | 4 | 0 | _uhttp://www.gutenberg.org/ebooks/11737 |
| 942 | _cEB | ||
| 999 |
_c240992 _d240992 |
||